The future regulation of housing (Record no. 106508)

MARC details
000 -LEADER
fixed length control field 01392cam a2200217 4500
001 - CONTROL NUMBER
control field L136797
008 - FIXED-LENGTH DATA ELEMENTS--GENERAL INFORMATION
fixed length control field 070223n2007 000 0 eng u
035 ## - SYSTEM CONTROL NUMBER
System control number (Sirsi) u136797
041 0# - LANGUAGE CODE
Language code of text/sound track or separate title eng
050 ## - LIBRARY OF CONGRESS CALL NUMBER
Classification number 306.1 $2 18
110 2# - MAIN ENTRY--CORPORATE NAME
Corporate name or jurisdiction name as entry element Audit Commission for Local Authorities in England and Wales
9 (RLIN) 2030
245 04 - TITLE STATEMENT
Title The future regulation of housing
Medium [electronic resource]
260 ## - PUBLICATION, DISTRIBUTION, ETC.
Place of publication, distribution, etc. London
Name of publisher, distributor, etc. Audit Commission
Date of publication, distribution, etc. 2007
505 2# - FORMATTED CONTENTS NOTE
Formatted contents note The regulatory environment for public services -- The future context for public service delivery -- The strategic regulation of places -- The strategic regulation of housing -- Improving outcomes for customers -- Improving places -- Improving value for money -- A regulatory framework that is proportionate to risk, scale and performance.
520 ## - SUMMARY, ETC.
Summary, etc. Response from the Audit Commission to the call for evidence from Professor Martin Cave in connection with his review of regulation across the housing sector, being undertaken at the request of the Department for Communities and Local Government.
590 ## - LOCAL NOTE (RLIN)
Local note KA NTK
651 #4 - SUBJECT ADDED ENTRY--GEOGRAPHIC NAME
Geographic name England and Wales
Chronological subdivision 1543-
690 ## - LOCAL SUBJECT ADDED ENTRY--TOPICAL TERM (OCLC, RLIN)
Topical term or geographic name as entry element Residential property
9 (RLIN) 6266
856 40 - ELECTRONIC LOCATION AND ACCESS
Uniform Resource Identifier <a href="https://www.audit-commission.gov.uk/reports/NATIONAL-REPORT.asp?CategoryID=PRESS-CENTRE&ProdID=A8B6B973-8912-4BEA-89A3-049A416441BB&fromPRESS=NATIONAL-REPORT">https://www.audit-commission.gov.uk/reports/NATIONAL-REPORT.asp?CategoryID=PRESS-CENTRE&ProdID=A8B6B973-8912-4BEA-89A3-049A416441BB&fromPRESS=NATIONAL-REPORT</a>
Public note View the paper free of charge at www.audit-commission.gov.uk...
942 ## - ADDED ENTRY ELEMENTS (KOHA)
Suppress in OPAC 0
Holdings
Withdrawn status Lost status Source of classification or shelving scheme Damaged status Not for loan Home library Current library Shelving location Date acquired Total Checkouts Full call number Barcode Date last seen Copy number Price effective from Koha item type
    Dewey Decimal Classification     Virtual Virtual Online 23/02/2007   ONLINE PUBLICATION 136797-1001 06/08/2019 1 06/08/2019 Book